Welcome to CU Library Online Public Access Catalogue (OPAC)

Student Problem Set for Use with The Economy Today (Record no. 8980)

MARC details
000 -LEADER
fixed length control field 00525nam a22001577a 4500
005 - DATE AND TIME OF LATEST TRANSACTION
control field 20260312170517.0
008 - FIXED-LENGTH DATA ELEMENTS--GENERAL INFORMATION
fixed length control field 260312b |||||||| |||| 00| 0 eng d
020 ## - INTERNATIONAL STANDARD BOOK NUMBER
International Standard Book Number 9780072555219
050 ## - LIBRARY OF CONGRESS CALL NUMBER
Classification number HB171.5 SCH
100 ## - MAIN ENTRY--PERSONAL NAME
Personal name Schiller, Bradley R.
245 ## - TITLE STATEMENT
Title Student Problem Set for Use with The Economy Today
Remainder of title the macro economy today/the micro economy today
Statement of responsibility, etc. Bradley R. Schiller
250 ## - EDITION STATEMENT
Edition statement 9th ed.
260 ## - PUBLICATION, DISTRIBUTION, ETC.
Place of publication, distribution, etc. Boston
Name of publisher, distributor, etc. McGraw-Hill/Irwin
Date of publication, distribution, etc. 2003
300 ## - PHYSICAL DESCRIPTION
Extent xi. P-72
Other physical details ill. some color
Dimensions 27.5cm
942 ## - ADDED ENTRY ELEMENTS (KOHA)
Source of classification or shelving scheme Library of Congress Classification
Koha item type Books
Edition 9th ed.
Suppress in OPAC No
999 ## -
-- 8980
-- 8980
Holdings
Withdrawn status Lost status Source of classification or shelving scheme Damaged status Not for loan Collection Home library Current library Shelving location Date acquired Total checkouts Full call number Barcode Date last seen Copy number Price effective from Koha item type
    Library of Congress Classification     Non-fiction Business Library (Miotso) Business Library (Miotso) General stacks 03/12/2026   HB171.5 SCH BSSM00002629 03/12/2026 1 03/12/2026 Books
    Library of Congress Classification     Non-fiction Business Library (Miotso) Business Library (Miotso) General stacks 03/12/2026   HB171.5 SCH BSSM00002630 03/12/2026 2 03/12/2026 Books
    Library of Congress Classification     Non-fiction Business Library (Miotso) Business Library (Miotso) General stacks 03/12/2026   HB171.5 SCH BSSM00002631 03/12/2026 3 03/12/2026 Books
    Library of Congress Classification     Non-fiction Business Library (Miotso) Business Library (Miotso) General stacks 03/12/2026   HB171.5 SCH BSSM00002632 03/12/2026 4 03/12/2026 Books
© 2023-2024 Copyright: Central University Libraries. All Rights Reserved | Created by: Mahone Tech Office